000 01196cam a2200373 4500
008 000000n2000 000 0 eng u
020 _a1861342500
035 _a(Sirsi) u108803
041 _aeng
050 _a711.52
100 _aCarley, Michael
245 _aUrban regeneration through partnership: a study in nine urban regions in England, Scotland and Wales
260 _aBristol
_bThe Policy Press
_c2000
350 _a14.95
520 _aIn-depth study of factors that influence effectiveness of urban regeneration partnerships, and how they work within the emerging national policy context. Case studies were carried out in eight city-regions in England and Scotland and in the Welsh valleys
650 _aBIRMINGHAM
650 _aEAST LONDON
650 _aEDINBURGH
650 _aGLASGOW
650 _aLANARKSHIRE
650 _aMANCHESTER
650 _aMIDDLESBROUGH
650 _aPARTNERSHIP
650 _aSCOTLAND
650 _aSHEFFIELD
650 _aURBAN REGENERATION
650 _aWALES
690 _aREGENERATION
700 _aChapman, Mike
700 _aHastings, Annette
700 _aKirk, K.
700 _aYoung, Raymond
942 _n0
999 _c100856
_d100856